Reverse Dictionary #82 - Statistics

General Stats
  • This quiz has been taken 28 times
  • The average score is 14 of 25
Answer Stats
Definition First
Letter
Word % Correct
Affected by the physical need for food. H hungry
96%
To shout; to holler; to make a loud sound with the voice. Y yell
96%
Not dirty, filthy, or soiled. C clean
93%
A long pointed tooth in snakes, for injecting venom. F fang
89%
A sheet material typically used for writing on or printing on (or as a non-waterproof container), usually made by draining cellulose fibres from a suspension in water. P paper
89%
Continued dull pain, as distinguished from sudden twinges, or spasmodic pain. A ache
85%
An implement consisting of multiple more or less flexible bristles or other filaments attached to a handle, used for any of various purposes including cleaning, painting, and arranging hair. B brush
85%
A person who resists an established authority, often violently. R rebel
81%
To close, to stop from being open. S shut
81%
To put in between or into. I insert
78%
Having a benevolent, courteous, friendly, generous, gentle, liberal, sympathetic, or warm-hearted nature or disposition, marked by consideration for – and service to – others. K kind
78%
Able but not certain to happen; neither inevitable nor preventable from happening. P possible
67%
Thin, generally in a negative sense (as opposed to slim, which is thin in a positive sense). S skinny
56%
To make indistinct or hazy, to obscure or dim. To smear, stain or smudge. B blur
52%
1. To advise or offer expertise.2. To ask advice of; to seek the opinion of (a person). C consult
52%
Nervy, jumpy, on edge. J jittery
44%
To eliminate or to get rid of something. D dispose
37%
Subject to, or causing disbelief, a lack of confidence or indecision. D doubtful
37%
To move, pass, or go forward or onward; to advance; to carry on. P proceed
33%
Businesses of the same type, considered as a whole. I industry
26%
(informal) Flashy or showy. J jazzy
22%
Notably lacking in the required level of complexity. S simplistic
19%
1. Appearing large and soft or filled with air.2. Characterized by great swelling waves or surges. B billowy
15%
1. Irritable, bad-tempered, grumpy or peevish.2. Unable to relax; fidgety or restless. F fretful
11%
Not having received guidance or recommendations offered with regard to prudent future action; unguided. U unadvised
4%
No matching quizzes found
Score Distribution
Percent of People with Each Score
Percentile by Number Answered
Your Score History
You have not taken this quiz